Pnin

שמור ב:
מידע ביבליוגרפי
מחבר ראשי: Nabokov, Vladimir
פורמט: ספר
שפה:Undetermined
יצא לאור: New York, Estados Unidos Avon Books 1957
נושאים:
תגים: הוספת תג
אין תגיות, היה/י הראשונ/ה לתייג את הרשומה!

MARC

LEADER 00000nam a2200000Ia 4500
008 170316s9999 xx 000 0 und d
040 |a cru BVZT 
090 |a 891 N-1pn 
100 |a Nabokov, Vladimir 
245 |a Pnin 
260 |a New York, Estados Unidos 
260 |b Avon Books 
260 |c 1957 
300 |a 190 páginas 
650 |a LITERATURA RUSA 
999 |c 12079  |d 12079 
942 |c 15 D  |h 891 N-1pn  |2 z